Mémoires politiques et militaires pour servir à l'histoire de Louis XIV & de Louis XV : (Registro nro. 159687)
[ vista simple ]
| 000 -LEADER | |
|---|---|
| campo de control de longitud fija | 01111nam a22002415i 4500 |
| 001 - NÚMERO DE CONTROL | |
| campo de control | 159687 |
| 003 - IDENTIFICADOR DE NÚMERO DE CONTROL | |
| campo de control | ES-MaACL |
| 005 - FECHA Y HORA DE LA ÚLTIMA TRANSACCIÓN | |
| campo de control | 20250808063154.0 |
| 008 - DATOS DE LONGITUD FIJA--INFORMACIÓN GENERAL | |
| campo de control de longitud fija | 990618s1777 fr |||| | fre d |
| 040 ## - FUENTE DE CATALOGACIÓN | |
| Centro catalogador/agencia de origen | CAM |
| Lengua de catalogación | spa |
| Centro/agencia transcriptor | CAM |
| 100 1# - ENTRADA PRINCIPAL--NOMBRE DE PERSONA | |
| Nombre de persona | Millot, Claude-François Xavier, |
| Fechas asociadas al nombre | 1726-1785 |
| Término indicativo de función/relación | Autor |
| 9 (RLIN) | 129930 |
| 245 10 - MENCIÓN DEL TÍTULO | |
| Título | Mémoires politiques et militaires pour servir à l'histoire de Louis XIV & de Louis XV : |
| Resto del título | composés sur les piéces originales recueillies par Adrien-Maurice, duc de Noailles... |
| Número de parte o sección de la obra | Tome cinquiéme / |
| Mención de responsabilidad, etc. | par M. l'abbé Millot |
| 260 ## - PUBLICACIÓN, DISTRIBUCIÓN, ETC. | |
| Lugar de publicación, distribución, etc. | A Paris : |
| Nombre del editor, distribuidor, etc. | chez Moutard, libraire-imprimeur ..., |
| Fecha de publicación, distribución, etc. | 1777. |
| 300 ## - DESCRIPCIÓN FÍSICA | |
| Extensión | [4], 451, [1] páginas ; |
| Dimensiones | 12º. |
| 597 ## - NOTA A LA DESCRIPCION FISICA | |
| Nota | Sign.: []2, A-S12, T10. |
| 597 ## - NOTA A LA DESCRIPCION FISICA | |
| Nota | Antep. |
| 651 #4 - PUNTO DE ACCESO ADICIONAL DE MATERIA--NOMBRE GEOGRÁFICO | |
| Nombre geográfico | Francia- |
| Subdivisión general | Historia |
| 9 (RLIN) | 8679 |
| 700 1# - ENTRADA AGREGADA--NOMBRE PERSONAL | |
| Nombre de persona | Noailles, Adrien-Maurice, |
| Títulos y otros términos asociados al nombre | Duc de, |
| Fechas asociadas al nombre | 1678-1766 |
| Término indicativo de función/relación | Autor |
| 9 (RLIN) | 130501 |
| 852 ## - LOCALIZACIÓN | |
| Ubicación | ES-MaACL |
| Ubicación en estantería | Depósito |
| Signatura antigua | Olim: G-13937-42 |
| Marcas de propiedad | Ex-libris de la Biblioteca del Rey N. Señor |
| -- | Sello con la leyenda: "Inventariado por las Cortes, 1874" |
| Número de control de estantería | R-1492 |
| Encuadernación | Pasta |
| 942 ## - ELEMENTOS DE ENTRADA SECUNDARIOS (KOHA) | |
| Tipo de ítem Koha | Libro impreso antiguo |
| Suprimir en OPAC | No |
| Estatus retirado | Estado de pérdida | Estado de daño | No para préstamo | Colección | Biblioteca de origen | Biblioteca actual | Ubicación en estantería | Fecha de adquisición | Fuente de adquisición | Total de préstamos | Signatura topográfica completa | Código de barras | Visto por última vez | Precio de reemplazo | Tipo de ítem Koha |
|---|---|---|---|---|---|---|---|---|---|---|---|---|---|---|---|
| Libros del s. XVIII | Biblioteca del Ateneo de Madrid | Biblioteca del Ateneo de Madrid | Depósito | 17/01/2008 | R-1492 | 1167175 | 23/02/2023 | 23/02/2023 | Libro impreso antiguo |
